Catalog

Record Details

Catalog Search



Available copies

  • 1 of 1 copy available at LARL/NWRL Consortium.

Current holds

0 current holds with 1 total copy.

Show Only Available Copies
Location Call Number / Copy Notes Barcode Shelving Location Status Due Date
Roseau Public Library ANA (Text) 35500005272990 Main Available -

Record details

  • ISBN: 9780778326014 (pbk.)
  • ISBN: 0778326012 (pbk.)
  • Physical Description: 537 p. ; 21 cm.
  • Publisher: Don Mills, Ont. : Mira Books, c2008.

Content descriptions

Summary, etc.:
In sixteenth-century England, lady-in-waiting Jane ... Read More
Subject: Great Britain > History > Tudors, 1485-1603 > Fiction.
Great Britain.
Genre: Historical fiction.
Fiction.
History.
LDR 01567cam a2200385K 4500
001161605
003LARL_NWRL_CONSORTIUM
00520140204113346.0
008080420s2008 onc 000 1 eng d
016 . ‡a20090008081
020 . ‡a9780778326014 (pbk.)
020 . ‡a0778326012 (pbk.)
035 . ‡a(OCoLC)225874746
040 . ‡aBTCTA ‡cBTCTA ‡dBAKER ‡dGO6 ‡dCDX ‡dNLC ‡dCQU ‡dJQD ‡dTXBXL ‡dOCLCF ‡dNRG
043 . ‡ae-uk-en
049 . ‡aNRGB
050 4. ‡aPR6051.N34 ‡bH68 2008
05502. ‡aPR1309*
05500. ‡aPR1309 L68 ‡bM5 no. 0998
08204. ‡a823/.914 ‡222
1001 . ‡aAnand, Valerie.
24514. ‡aThe House of Allerbrook / ‡cValerie Anand.
260 . ‡aDon Mills, Ont. : ‡bMira Books, ‡cc2008.
300 . ‡a537 p. ; ‡c21 cm.
520 . ‡aIn sixteenth-century England, lady-in-waiting Jane Sweetwater, escaping the sexual advances of Henry VIII, flees the court with the assistance of Peter Carew, but once she returns to her family home, she is married off to an older farmer and must learn to accept her new role as wife and mother.
651 0. ‡aGreat Britain ‡xHistory ‡yTudors, 1485-1603 ‡vFiction.
651 7. ‡aGreat Britain. ‡2fast ‡0(LARL_NWRL_CONSORTIUM)55777
648 7. ‡a1485 - 1603 ‡2fast
655 7. ‡aHistorical fiction. ‡2gsafd
655 7. ‡aFiction. ‡2fast
655 7. ‡aHistory. ‡2fast
994 . ‡aC0 ‡bNRG
901 . ‡a161605 ‡bOCLC ‡c161605 ‡tbiblio

Additional Resources